Corpus juris civilis [Digestum Vetus]

Bibliographic Details
Main Author: Justinián I., byzantský cisár, 483-565 (Author)
Corporate Author: Fradin, François (Lyon, Francúzsko) (Printer)
Other Authors: Fradin, François, asi 1470-1537 (Printer)
Format: Book
Language:Latin
PhysicalDescription:[1], III - CCCLXVII [=3 - 367], [9] l. zach. fol. 45 x 31 cm
Published: (Lugduni opera Francisci Fradin Anno... ccccciiij supra Millesimum. [=1514] die vero. x. Maij)
Subjects:

MARC

LEADER 00000nam a22000005a 4500
001 vtls010553063
003 SK-MaSNL
005 20260301174607.0
008 240315s1514 fr 000 0 lat
020 |q (viaz.) 
040 |a SNK  |b slo  |c SNK  |e AACR2 
041 0 |a lat 
044 |a fr  |c FR 
100 0 |a Justinián  |b I.,  |c byzantský cisár,  |d 483-565  |4 aut 
245 1 0 |a Corpus juris civilis  |b [Digestum Vetus] 
260 |a (Lugduni  |b opera Francisci Fradin  |c Anno... ccccciiij supra Millesimum. [=1514] die vero. x. Maij) 
300 |a [1], III - CCCLXVII [=3 - 367], [9] l. zach.  |c fol.  |c 45 x 31 cm 
500 |a Defekt, chýba začiatok a koniec 
510 |a Baudrier VII/251 
520 4 |a Drevorez, iniciálky s ornamentálnym pozadím v rámčeku na 4, 5, 7 r., text tlače červeno-čierny, rubriky, marginálie, celostránkové marginále, kustódy 
562 |a Proveniencia: Ecclesie Ofalvensis Ao 1737 
563 |a Väzba: renesančná, drevené dosky, bledá koža s ornamentálnou slepotlačou, poškodené spony 
655 7 |a právo rímske  |2 SNK  |9 547233 
700 1 |a Fradin, François,  |d asi 1470-1537  |4 prt  |9 127686 
710 0 |a knižnica farská  |c Opina  |4 own  |9 547234 
710 1 |a Fradin, François (Lyon, Francúzsko),  |d 1497-1537  |4 prt  |9 180553 
710 1 |a knižnica farská  |c Opina  |4 own  |9 547234 
752 |a Nemecko  |d Augsburg 
852 |a SNK  |b IA 962  |p DK 25760/2013 
958 |a ONDV 
999 |c 840049  |d 841979 
952 |a SNK  |b SNK  |c SNK_HF  |y PREZ  |7 0  |p 17A1091394  |o snkIA 962  |i snk2013/25760  |8 3  |g 5475.00  |0 0  |1 0  |4 0  |d 2013-10-23  |l 0  |r 2026-02-24 04:07:59  |w 2026-02-24